| 000 | 00573nam a22001932 4500 | ||
|---|---|---|---|
| 001 | 0000011796 | ||
| 005 | 20151217155848.0 | ||
| 008 | 090108s xx 000 0 eng d | ||
| 040 |
_aKABU _cKABU |
||
| 100 | 1 |
_aHinawy, Mbarak Ali. _@0000161423 |
|
| 245 | 1 | 0 |
_aAl-Akida and Fort Jesus, Mombasa / _cMbarak Ali Hinawy. |
| 250 | _a1st ed. | ||
| 260 |
_aLondon : _bMacmillan, _c1950. |
||
| 300 | _avii, 88 p. | ||
| 651 | 0 |
_aAfrica, East _xHistory _yTo 1886. _@0000161425 |
|
| 852 | 1 | _9p100 KES | |
| 908 | _a090108 | ||
| 950 | _@1 | ||
| 999 |
_c13405 _d13405 |
||